000 00255 a2200097 4500
020 _a5070018781
920 _a5-07-001878-1
245 0 _aAvtomatizirovannye charakteristiki /
_c.
710 2 _aZnanie.
_eWydawca
_4pbl
260 _aMoskva :
_bZnanie,
_c1990.
300 _a64 s.;
_c20 cm.
999 _c16437
_d16437